[Event "7th Calgary International"]
[Site "Calgary"]
[Date "2014.11.08"]
[Round "3"]
[White "Mikhalevski, Victor"]
[Black "Sevillano, Enrico"]
[Result "1-0"]
[WhiteElo "2565"]
[BlackElo "2456"]
[Annotator "Mikhalevski,V"]
[PlyCount "57"]
[EventDate "2014.11.06"]
[EventType "tourn"]
[EventRounds "9"]
[EventCountry "CAN"]
[SourceDate "2013.09.08"]

{This game was played in the third round of the 2014 Calgary international and
was very important as there were only three grandmasters in the tournament and
any game between them could become a decisive factor for the final standings.} 
1. d4 {Recenetly I played more often 1.c4 and 1.Nf3, although I don't think
the text came as a surprise for Enrico.} Nf6 2. c4 c5 3. d5 e6 4. Nc3 exd5 5.
cxd5 d6 6. Nf3 g6 7. Bf4 {Usually I meet the Benoni with the Fianchetto
variation, 7.g3. During the home preparation I saw that my opponent plays
exclusively 7...Bg7, instead of the main line, 7...a6 and so decided to
surprise him with this line.} Bg7 {Sevilliano is faithful to himself.} 8. Qa4+
{The most challenging line against 7...Bg7 and the reason why 7...a6 is more
popular. This way White provokes Black's light-squared bishop to d7, where
it's misplaced as this square belongs to the b8-knight.} Bd7 {The only move.
Otherwise Black loses either the d6-pawn or the right to castle.} 9. Qb3 {A
double attack on b7 and d6.} Qc7 {The most natural move. Black protects his
hanging pawns.} (9... b5 {is the main alternative, but the move is very risky
and you don't see it too often in the modern tournament practice, although it
was tested by Vugar Gashimov. Now after} 10. Bxd6 Qb6 11. Be5 O-O 12. e3 c4 13.
Qd1 {black usually chooses between 13...Na6 and 13...b4 with certain
compensation for the sacrificed pawn.}) 10. e4 O-O 11. Nd2 {An important
subtlety. White plays this move before developing his bishop to e2 in order to
avoid both 11...b5 and exchange of the Black's light-squared bishop, when it
gets to g4.} ({Thus after the natural} 11. Be2 {Black can choose between
playing} Nh5 ({and} 11... b5 {The latter leads to some complications. For
example,} 12. Nxb5 (12. Bxb5 Nxe4 13. Nxe4 Qa5+ 14. Nc3 (14. Bd2 Qxb5 15. Qxb5
Bxb5 16. Nxd6 {is more popular.}) 14... Bxb5 15. O-O-O Bd7 16. Bxd6 Na6 17.
Bxf8 Rxf8 18. Rhe1 Rb8 19. Qc4 Rb4 20. Qd3 c4 21. Qe3 Rxb2 22. Rd2 Bxc3 23.
Rxb2 Qa3 {0-1 Moradiabadi,E (2570)-Sevillano,E (2526)/Los Angeles 2012.}) 12...
Bxb5 13. Bxb5 Nxe4 {as in Hess,R (2624)-Sevillano,E (2526)/Los Angeles 2012.
After going over those game I realized that I want to play 11.Nd2.}) 12. Be3 a6
13. a4 Bg4 {and Black exchanges his light-squared bishop , which is often
Black's problem in the Benoni.}) 11... Nh5 12. Be3 a6 {A pretty rare
continuation as Black later uses this square for his queen's knight} (12... f5
{is the main line.} 13. exf5 Bxf5 14. Be2 Nf6 15. h3 Na6 16. a3 {and so on.})
13. a4 {White is preventing b5.} f5 14. exf5 Bxf5 ({Black played} 14... gxf5 {
more often. White can meet it with} 15. Be2 Be8 (15... f4 16. Bxc5 f3 {is
strongly answered by} (16... Qxc5 {is relatively better, but White retains a
clear edge after} 17. Nde4 Qc7 18. Bxh5 $16) 17. Bb6 $18 {with the decisive
edge.}) 16. Nf3 $16 {and weakness of the f-pawn plus the weak e6-square
promise White a comfortable edge.}) 15. Be2 Nf6 16. h3 {We've got a position
from the main line with inclusion of moves a6 and a4, which seems to be in
White's favour, who doesn't have to worry about Na6. Moreover the knight can't
be developed to d7 in view of g4.} Re8 {Enrico has already spent a lot of time,
but found an interesting tactical idea.} (16... Nbd7 $4 17. g4 {and the bishop
on f5 is traped.}) 17. O-O Nbd7 {This move came as a surprise as I considered
it to be impossible.} 18. g4 {I played this move rather quickly.} Ne4 $1 {
That's what Black was cooking. Even though Black doesn't lose a piece here
White can obtain a serious edge.} 19. Rae1 $2 {This move was played after
one-hour thought. As usual, such a long thought leads to a mistake.} ({I
started my calculations with the correct} 19. gxf5 $1 Nxd2 20. Bxd2 Bxc3 21.
Qxc3 Rxe2 22. Rae1 $1 ({During the game I considered mostly} 22. Rfe1 {in
order to meet} Rae8 {with} 23. Rxe2 Rxe2 24. Be3 {with the idea to trap the
rook by means of 25.Kf1. That's why the f-rook went to e1. However Black can
save the rook.} Qb6 $1 25. Rb1 Qb4 {and the rook gets an escape square on c2.
Nevertheless White continues} 26. Kf1 Qxc3 27. bxc3 Ra2 28. Rxb7 Nf6 29. fxg6
hxg6 30. Rb6 Nxd5 31. Rxa6 Nxe3+ 32. fxe3 {with an extra pawn in the rook
endgame, but Black retains good chances for a draw.}) 22... Rae8 (22... Re5 $2
23. fxg6 hxg6 24. Bf4 Ree8 25. Re6 $1 $18) ({After} 22... Ree8 23. Bh6 Nf8 24.
fxg6 hxg6 25. Bxf8 Rxe1 26. Rxe1 Rxf8 27. Re6 Qf7 28. Qg3 $16 {White wins a
pawn.}) 23. Bh6 Nb6 24. fxg6 Rxe1 25. Rxe1 Rxe1+ 26. Qxe1 hxg6 27. Qe6+ Qf7 28.
Qxd6 Nxd5 29. Qxc5 $16 {with an extra pawn for White, although he still has t
solve some technical problems on his way to a win.}) 19... Bxc3 {This capture
isn't yet bad, although I would have preferred 19...Nxd2 or 19...Nxc3.} (19...
Nxd2 $5 20. Bxd2 Be4 21. f3 (21. Bf4 $5) 21... c4 $1 22. Bxc4 Nc5 23. Qd1 Bd3 {
leads to a position with good compensation for a pawn thanks to activity of
the black pieces.}) (19... Nxc3 $5 20. bxc3 Be4 21. c4 (21. Bc4 {is answered by
} Ne5) ({It has to be mentioned that} 21. f3 $6 {is dubious in view of} Bc2 22.
Qxc2 Rxe3 $15) 21... Qb6 $1 22. Qxb6 ({or} 22. Qa2 Bd4 $1) 22... Nxb6 23. a5
Na4 24. Nxe4 Rxe4 25. Bd3 Ree8 {with counterplay.}) 20. bxc3 Nxd2 21. Bxd2 Rxe2
$4 {It's not so obvious, but this move is the decisive mistake.} ({After the
correct} 21... c4 $1 22. Qxc4 Qxc4 23. Bxc4 Bc2 {Black obtains counterplay.})
22. Rxe2 Bd3 23. Re7 $1 {Black has underestimated this move. Now Black's king
start to feel lonely, while a pin along the seventh rank only makes it more
difficutl for Black.} Bxf1 24. c4 $1 $18 {This intermediate move creates a
deadly threat of 25.Qc3 or 25.Qb2, while the bishop on f1 is traped anyway.} ({
For the truth sake it has to be said that even the simple} 24. Kxf1 {is
sufficient for the decisive advantage. For example,} Qd8 25. Bg5 Qc8 26. c4 Ne5
27. Bh6 b5 28. f4 $1 bxa4 29. Qe3 $18 {and White wins.}) 24... Qd8 25. Bg5 $1 {
The key-move. White is threatening with 26.Qb2 again.} h6 {Enrico is trying to
sac the queen for a rook and a bishop.} (25... Qc8 26. Kxf1 Ne5 27. Bh6 $18 {
is hopeless too, as after 24.Kf1.}) 26. Qb1 $1 Nf8 ({In case of} 26... Ne5 {
White wins with} 27. Rxe5 $1 hxg5 28. Qxg6+ Kh8 29. Qh6+ Kg8 30. Rxg5+ $18 {
with a clear win.}) 27. Bf6 {Now White is threatening with 28.Rg7, which
forces Black to capture the rook.} (27. Qxb7 $18 {Also wins. For example,} Qb8
28. Rg7+ Kh8 29. Qf7) 27... Qxe7 28. Bxe7 Bxc4 29. Qxb7 (29. Qxb7 {and Black
resigned as after} Re8 30. Bf6 {he can't stop checkmate. A relatively short,
but interesting game.}) 1-0

[Event "7th Calgary International"]
[Site "Calgary"]
[Date "2014.11.09"]
[Round "5.2"]
[White "Haessel, Dale"]
[Black "Shabalov, Alexander"]
[Result "1/2-1/2"]
[WhiteElo "2155"]
[BlackElo "2530"]
[PlyCount "76"]
[EventDate "2014.11.06"]
[EventType "tourn"]
[EventRounds "9"]
[EventCountry "CAN"]
[SourceDate "2013.09.08"]
[WhiteClock "0:01:33"]
[BlackClock "0:04:50"]

1. Nf3 d5 2. d4 c6 3. c4 e6 4. Qc2 dxc4 5. Qxc4 Nf6 6. Bg5 b5 7. Qc2 Bb7 8. e4
Nbd7 9. Nbd2 Rc8 10. e5 $6 h6 11. Bh4 g5 12. Nxg5 hxg5 13. Bxg5 Qb6 14. exf6 c5
15. Rc1 c4 16. Qc3 Qa6 17. a3 Nb6 18. h4 Na4 19. Qc2 Nxb2 20. Qxb2 Bxa3 21. Qb1
Bxc1 22. Qxc1 Bd5 23. Rh3 b4 24. Be2 Bxg2 25. Re3 Bd5 26. f4 Kd8 {After a lot
of creative and risky play from both sides the game has reached a very sharp
and highly unbalanced position. Black has strong connected passed pawns but
his king feels uncomfortable in the center.} 27. f5 $1 {White intends to clear
as many files and diagonals in the center as possible. His main goal is to
dislodge the excellently placed enemy bishop.} Re8 $1 {Black correctly holds
on to the key e6-square.} 28. Re5 Qc6 $2 {Surprisingly, this natural looking
move is a decisive mistake.} ({The computer's top choice is a somewhat
paradoxical} 28... Qa3 $5 {maintaining equilibrium. The position remains
highly unclear, of course.}) 29. Qa1 $3 {The white queen has been passive so
far but now she is ready to penetrate the enemy position with a devastating
effect.} Rc7 30. Qa5 c3 {Black doesn't have much of a choice.} (30... Qb6 31.
Qxb6 axb6 32. fxe6 Bxe6 33. d5 Bd7 34. Nxc4 {is hopeless.}) 31. fxe6 $1 cxd2+
32. Bxd2 Bc4 {Looks like desperation.} ({After} 32... Bxe6 33. d5 {all the
lines work in White's favor.}) 33. e7+ {A step in a wrong direction. Even
though White is still winning, his task has just become way more difficult.} ({
I  believe that after the programmed} 33. d5 $1 {Black would not have been
able to save the game.}) 33... Kc8 34. Bg4+ Kb8 {The critical moment.} 35. Bf4
$2 {Alas.} ({Surprisingly,} 35. Kf2 $3 {is the only winning move.} {It looks
crazy to give up the f6-pawn with a cheque} Qxf6+ {especially since after} 36.
Kg3 {Black might be able to capture the e7-pawn as well.} {However, after}
Rexe7 $2 37. Qxb4+ {Black loses a lot of material and the game is over.
Granted, going for a line like this in time pressure may be possible only for
a computer.}) 35... Qh1+ {Now Black escapes with a perpetual check.} 36. Kf2 ({
White can try} 36. Kd2 {but then} Qf1 $1 {still draws.} {For example,} 37. Rb5+
Ka8 $1 38. Qxc7 Qd3+ 39. Kc1 Qc3+ {etc.}) 36... Qf1+ 37. Kg3 Qg1+ 38. Kf3 Qf1+
1/2-1/2

[Event "7th Calgary International"]
[Site "Calgary"]
[Date "2014.11.11"]
[Round "9.1"]
[White "Shabalov, Alexander"]
[Black "Shi, Diwen"]
[Result "1/2-1/2"]
[WhiteElo "2530"]
[BlackElo "2219"]
[PlyCount "62"]
[EventDate "2014.11.06"]
[EventType "tourn"]
[EventRounds "9"]
[EventCountry "CAN"]
[SourceDate "2013.09.08"]

1. d4 Nf6 2. c4 Nc6 3. Nf3 e6 4. a3 g6 5. Nc3 Bg7 6. e4 d6 7. Be2 O-O 8. O-O
Re8 9. d5 Ne5 10. Nxe5 dxe5 11. Be3 exd5 12. cxd5 Bd7 13. Qb3 Qb8 14. Rac1 c6
15. dxc6 Bxc6 16. Bc4 Re7 17. Rfd1 b6 18. Bg5 Rb7 {The piece placement
emphasizes that the grandmaster completely outplayed his young opponent.} 19.
Nb5 $1 Nxe4 {There is really not much else. Black cannot give up his
light-squared bishop for a knight, and the f7-pawn is about to fall anyway.}
20. Rd8+ Qxd8 21. Bxd8 Rxd8 22. Bxf7+ $1 Rxf7 23. Rxc6 {The GM executed the
best line and attained a decisive advantage.} Kh8 $1 {However, Black isn't
going to resign just yet as he has a few tactical ideas.} 24. f3 Bh6 $5 ({
Diwen realizes that after the immediate} 24... Rfd7 {White will return the
queen:} 25. fxe4 $1 Rd1+ 26. Kf2 R8d2+ 27. Kf3 Rd3+ 28. Qxd3 Rxd3+ 29. Ke2 {
The back rank problem more or less forces} Rd8 30. Nxa7 {with an easily won
endgame for White.}) 25. h4 $2 {Surprisingly, this natural looking move allows
Black to not only regain the material but also achieve a better endgame!} ({
Correct is} 25. g3 $1 {clearing more squares for the king. Black's counterplay
turns out to be insufficient in all lines.}) 25... Rfd7 $1 26. fxe4 {There is
nothing else.} Rd1+ 27. Qxd1 ({Alas,} 27. Kh2 $2 {runs into} Bf4+ 28. g3 R8d2+
29. Kh3 Rh1+ 30. Kg4 h5+ 31. Kf3 Rf1# {checkmate!}) (27. Kf2 R8d2+ 28. Kf3 Rd3+
29. Qxd3 Rxd3+ {transposes to the game.}) 27... Rxd1+ 28. Kf2 Rd2+ 29. Kf3 Rd3+
{Diwen prefers taking an immediate draw and it's really hard to blame him for
not playing on.} ({Objectively, after} 29... Rxb2 30. Rc8+ Kg7 31. Rc7+ Kg8 32.
Rc8+ Bf8 33. Nxa7 Rb3+ 34. Ke2 Kg7 {Black's chances are to be preferred.}) 30.
Kf2 Rd2+ 31. Kf3 Rd3+ 1/2-1/2

[Event "7th Calgary International"]
[Site "Calgary"]
[Date "2014.11.11"]
[Round "9.2"]
[White "Humphreys, Michael"]
[Black "Mikhalevski, Victor"]
[Result "1/2-1/2"]
[WhiteElo "2190"]
[BlackElo "2565"]
[PlyCount "91"]
[EventDate "2014.11.06"]
[EventType "tourn"]
[EventRounds "9"]
[EventCountry "CAN"]
[SourceDate "2013.09.08"]
[WhiteClock "0:10:04"]
[BlackClock "0:54:08"]

1. Nf3 Nf6 2. c4 g6 3. Nc3 d5 4. d4 Bg7 5. cxd5 Nxd5 6. e4 Nxc3 7. bxc3 c5 8.
Rb1 O-O 9. Be2 b6 10. O-O Bb7 11. d5 Bxc3 12. h4 Nd7 13. h5 Bg7 14. hxg6 hxg6
15. Ng5 Nf6 16. Rb3 Nxe4 17. Nxe4 Qxd5 18. Rd3 Qxa2 19. Ng5 c4 20. Ra3 Qb1 21.
Qd7 Qc2 22. Qh3 Rfd8 23. Bf3 Bd5 24. g4 c3 25. Bxd5 Rxd5 26. Qf3 Rad8 27. Qxf7+
Kh8 28. Ne6 Rg8 29. Qf3 Rgd8 30. Nxd8 Rxd8 31. Rxa7 Qd3 32. Qh1+ Kg8 33. Rxe7
Rd4 {White just needs to defend the g4-pawn, then the extra rook will tell.}
34. Qh4 (34. Qg2 {is the simplest solution.}) 34... Qf3 35. Rxg7+ $6 {Perhaps,
White believes that he can win this game by playing just about anything. This
may be correct but his task has just become more difficult.} ({The computer
advocates} 35. Kh2 {intending} Rxg4 36. Re8+ Bf8 37. Qh3 $1 {and Black's
attack comes to an end.}) 35... Kxg7 36. Qh6+ Kg8 37. Qxg6+ Kh8 38. Qh6+ Kg8
39. Qe6+ Kh7 40. Qe7+ Kg8 41. Qe8+ Kh7 42. Qh5+ Kg8 {Now what?} 43. Qe8+ ({The
road to victory isn't so obvious anymore:} 43. Kh2 $1 Rxg4 44. Qxg4+ $1 Qxg4
45. Rg1 Qxg1+ 46. Kxg1 b5 47. Ba3 $1 {and the black pawns aren't going
anywhere.}) 43... Kh7 44. Qe7+ Kg8 45. Qe6+ Kh7 46. Qh6+ {It's hard to believe
but a draw was agreed here.} ({Apparently, White decided not to try} 46. Qf5+
Qxf5 47. gxf5 {which is objectively winning for him.}) 1/2-1/2

[Event "7th Calgary International Reserves"]
[Site "Calgary"]
[Date "2014.11.08"]
[Round "2"]
[White "Pua, Richard"]
[Black "Wu, Chenxi"]
[Result "0-1"]
[WhiteElo "1897"]
[BlackElo "1633"]
[Annotator "Wu, Chenxi"]
[PlyCount "58"]
[EventDate "2014.11.07"]
[EventType "swiss"]
[EventRounds "5"]
[EventCountry "CAN"]
[SourceDate "2013.09.08"]

1. e4 c5 2. Nf3 d6 3. c3 Nc6 4. d4 cxd4 5. cxd4 Nf6 6. Nc3 g6 7. Be2 Bg4 8. Be3
Bg7 9. O-O O-O 10. h3 Bxf3 ({Maybe} 10... Bd7 {would be a better alternative.
Bxf3 gives up my light-squared bishop and gives White's bishop a better
diagonal. Bd7 would have kept my bishop, and now my opponent has the bishop
pair.}) 11. Bxf3 Qd7 12. Qd2 Rfd8 13. Rfd1 e6 {Weakens my d6 pawn. However, my
opponent cannot target it at the moment. The purpose of the move was to
prepare for d4. If it is followed by e5, then Ne8 and I plan to move the
knight to b6.} 14. Rac1 Rac8 {I played this slow going move to see White's
reply. I felt that White planned to break through with d5, and that would be
benificial for my knight coming to e5.} 15. d5 Ne5 16. Be2 Nc4 17. dxe6 Qxe6
18. Bxc4 Rxc4 {Not Qxc4, because Rxc4 adds an attacker to e4.} 19. Bxa7 {In my
opinion this isn't a very good move, because it deflects the bishop away and
basically leaves the e4 pawn for me without even putting up a fight.} Nxe4 20.
Nxe4 Rxe4 {This opens my queen to attack a2, as well as threatening e2,
indirectly attacking b2.} 21. Rc2 ({There is a beautiful albeit cooperative
line beginning with} 21. Be3 Qxa2 $6 22. Qxd6 $3 {If black doesn't take the
queen, then white regained the pawn with a roughly even game.} {However,} Rxd6
$2 {runs into} 23. Rc8+ Bf8 24. Bh6 $3 Rxd1+ 25. Kh2 Rh1+ 26. Kxh1 Qb1+ 27. Kh2
{and white wins!}) 21... Qxa2 22. Bb6 Rde8 23. Qxd6 $4 {I was up a pawn before,
but this move loses the game.} Re1+ 24. Rxe1 Rxe1+ 25. Kh2 Be5+ 26. Qxe5 Rxe5
27. Rc8+ Kg7 28. Bd4 Qd5 29. Bc3 Kh6 {Getting out ofthe pin, and Black's queen
easily gets the better of White's rook.} 0-1

[Event "2014 AB Jr. Championship"]
[Site "Edmonton"]
[Date "2014.11.22"]
[Round "3"]
[White "Tolentino, Patrick"]
[Black "Shi, Diwen"]
[Result "1-0"]
[WhiteElo "1653"]
[BlackElo "2230"]
[PlyCount "57"]
[EventDate "2014.11.22"]
[EventType "tourn"]
[EventRounds "5"]
[EventCountry "CAN"]
[SourceDate "2013.09.08"]

1. e4 c5 2. Nc3 Nc6 3. Bb5 Na5 4. d3 $6 a6 5. Ba4 g6 6. f4 Bg7 7. Nf3 b5 8. Bb3
e6 9. O-O Ne7 10. Be3 d6 11. Qe1 Bd7 12. e5 $1 Bc6 13. exd6 Qxd6 14. Ne4 Bxe4
$2 15. dxe4 Qc7 16. c3 O-O 17. Qh4 Nxb3 18. axb3 Rfd8 19. Rfd1 a5 20. Ne5 f5
21. Nd3 c4 22. bxc4 bxc4 23. Nc5 {Black's position looks suspicious as his
sensitive e6-square is difficult to cover.} {Diwen tries an interesting
approach:} Kf7 ({The computer recommends} 23... Rxd1+ 24. Rxd1 Rd8 {with the
idea to take advantage of White's temporary back rank problems.} {Nevertheless,
after} 25. Re1 $5 Rd6 26. Qf2 {Black will have a hard time protecting all his
weaknesses.}) 24. Qxh7 {This move is extremely tempting but gives Black a
chance to equalize with precise play.} Qc6 $2 {Diwen misses his chance.} ({
Correct is} 24... Qb6 $1 {If White continues as in the game} 25. Rxd8 $2 Rxd8
26. Bd4 $2 Rxd4 27. cxd4 {then Black obtains a winning position after} Qxb2 28.
Rd1 Qe2 29. Rb1 Qe3+ 30. Kh1 Qxd4 {etc.}) ({No doubt both players knew that} 
24... Rh8 $2 {would lose immediately to} 25. Qxg7+ $1 Kxg7 26. Nxe6+) 25. Rxd8
$1 ({Certainly not} 25. Bd4 $2 {in view of} Rxd4 26. cxd4 Rh8 {and it is Black
who wins.}) 25... Rxd8 26. Bd4 $1 {Now this approach is very strong.} Rxd4 27.
cxd4 Qd6 28. Rd1 $1 Qxf4 $2 {Black finally falls for the same trick but his
position is lost anyway.} 29. Qxg7+ $1 1-0

[Event "2014 WBX Team Tournament"]
[Site "Edmonton"]
[Date "2014.12.13"]
[Round "2.1"]
[White "Nguyen, Kim"]
[Black "Arruebarrena, Rafael"]
[Result "0-1"]
[WhiteElo "2060"]
[BlackElo "2233"]
[PlyCount "68"]
[EventDate "2014.12.13"]
[EventType "team-swiss"]
[EventRounds "5"]
[EventCountry "CAN"]
[SourceDate "2013.09.08"]

1. e4 c5 2. Nf3 e6 3. d4 cxd4 4. Nxd4 Nc6 5. Nc3 Qc7 6. g3 a6 7. Bg2 d6 8. O-O
Bd7 9. Re1 Be7 10. g4 Rc8 11. Nde2 b5 12. Ng3 b4 13. Nce2 h6 14. Bd2 Nf6 15. h3
O-O 16. f4 Nh7 17. Kh1 Qb6 18. c3 a5 19. Rg1 Kh8 20. Qf1 d5 21. exd5 exd5 22.
Bxd5 {Black has just sacrificed a pawn to grab the initiative.} Bc5 23. Rg2 Ne7
{The knight is going to h4 presenting White with a difficult defensive task.}
24. Be4 (24. Bf3 {looks better but after} Ng6 25. Ne4 Nh4 26. Nxc5 Qxc5 {White
should give up the exchange} 27. Nd4 {to avoid the worst.}) 24... Nf6 25. Be1 (
{The computer recommends} 25. f5 {preventing the following sequence although
White's position remains unenviable in any case.}) 25... Nxe4 26. Nxe4 Bc6 27.
N2g3 f5 $1 {The key thrust. The catastrophe on the light squares is
unavoidable.} 28. gxf5 Nxf5 29. Re2 Nxg3+ 30. Bxg3 Rce8 31. Qf3 Rf7 32. c4 ({
White can try} 32. Rae1 Rfe7 33. Kh2 {but it doesn't help:} bxc3 34. bxc3 Rxe4
35. Rxe4 Bxe4 36. Rxe4 Qb2+ {and Black wins.}) 32... Rfe7 33. Rae1 Rxe4 34.
Rxe4 Rxe4 (34... Rxe4 {White resigned in view of} 35. Rxe4 Qb7 36. Re8+ Kh7)
0-1